MARC details
| 000 -CABECERA |
| campo de control de longitud fija |
01603nam a2200373 i 4500 |
| 003 - IDENTIFICADOR DEL NÚMERO DE CONTROL |
| campo de control |
DO-SdBNP |
| 005 - FECHA Y HORA DE LA ÚLTIMA TRANSACCIÓN |
| campo de control |
20240426151709.0 |
| 007 - CAMPO FIJO DE DESCRIPCIÓN FÍSICA--INFORMACIÓN GENERAL |
| campo de control de longitud fija |
ta |
| 008 - DATOS DE LONGITUD FIJA--INFORMACIÓN GENERAL |
| campo de control de longitud fija |
240426s2023 dr ac 000 0 spa d |
| 020 ## - NÚMERO INTERNACIONAL ESTÁNDAR DEL LIBRO |
| Número Internacional Estándar del Libro |
9789945179514 |
| 040 ## - FUENTE DE LA CATALOGACIÓN |
| Centro catalogador/agencia de origen |
DO-SdBNP |
| Lengua de catalogación |
spa |
| Centro/agencia transcriptor |
BNPHU |
| Normas de descripción |
rda |
| 082 ## - NÚMERO DE LA CLASIFICACIÓN DECIMAL DEWEY |
| Número de edición |
22 |
| Número de documento/Ítem |
M425 |
| 245 00 - MENCIÓN DE TÍTULO |
| Título |
Matemáticas 5 : |
| Resto del título |
educación secundaria. / |
| Mención de responsabilidad, etc. |
dirección editorial Denise Pineda Martínez : ilustraciones Francisco López, Wi-Hen Fung Caridad, Oscar Cabrera Espinoza, Tomás Reyes Reyes, Osvaldo Torres Ruiz |
| 264 #1 - PRODUCCIÓN, PUBLICACIÓN, DISTRIBUCIÓN, FABRICACIÓN Y COPYRIGHT |
| Producción, publicación, distribución, fabricación y copyright |
Santo Domingo, : |
| Nombre del de productor, editor, distribuidor, fabricante |
SM, |
| Fecha de producción, publicación, distribución, fabricación o copyright |
2023. |
| 300 ## - DESCRIPCIÓN FÍSICA |
| Extensión |
287 páginas |
| Otras características físicas |
ilustraciones, retratos |
| Dimensiones |
28 cm. |
| 336 ## - TIPO DE CONTENIDO |
| Fuente |
rdacontent |
| Término de tipo de contenido |
texto |
| Código de tipo de contenido |
txt |
| 337 ## - TIPO DE MEDIO |
| Fuente |
rdamedia |
| Nombre/término del tipo de medio |
sin mediación |
| Código del tipo de medio |
n |
| 338 ## - TIPO DE SOPORTE |
| Fuente |
rdacarrier |
| Nombre/término del tipo de soporte |
volumen |
| Código del tipo de soporte |
nc |
| 490 1# - MENCIÓN DE SERIE |
| Mención de serie |
Savia |
| Designación de volumen o secuencia |
5 |
| 500 ## - NOTA GENERAL |
| Nota general |
Educación secundaria. |
| 500 ## - NOTA GENERAL |
| Nota general |
El libro Matemática del proyecto Savia forma parte del proyecto editorial de Educación Secundaria de SM. |
| 500 ## - NOTA GENERAL |
| Nota general |
La fundación SM destina los beneficios de las empresas SM a programas culturales y educativos, con especial atención a los colectivos más desfavorecidos. |
| 500 ## - NOTA GENERAL |
| Nota general |
Incluye glosario. |
| 504 ## - NOTA DE BIBLIOGRAFÍA, ETC. |
| Nota de bibliografía, etc. |
Bibliografía p: 287 |
| 590 ## - NOTA LOCAL (RLIN) |
| Nota local |
Inventariado, 2024/ YL |
| 700 1# - PUNTO DE ACCESO ADICIONAL--NOMBRE DE PERSONA |
| Nombre de persona |
Pineda Martínez, Denise |
| Término indicativo de función/relación |
dirección |
| 9 (RLIN) |
74837 |
| 700 1# - PUNTO DE ACCESO ADICIONAL--NOMBRE DE PERSONA |
| Nombre de persona |
López, Francisco |
| Término indicativo de función/relación |
ilustraciones |
| 9 (RLIN) |
23171 |
| 700 1# - PUNTO DE ACCESO ADICIONAL--NOMBRE DE PERSONA |
| Nombre de persona |
Fung Caridad, Wi-Hen |
| Término indicativo de función/relación |
ilustraciones |
| 9 (RLIN) |
85344 |
| 700 1# - PUNTO DE ACCESO ADICIONAL--NOMBRE DE PERSONA |
| Nombre de persona |
Cabrera Espinoza, Oscar |
| Término indicativo de función/relación |
ilustraciones |
| 9 (RLIN) |
85345 |
| 700 1# - PUNTO DE ACCESO ADICIONAL--NOMBRE DE PERSONA |
| Nombre de persona |
Reyes Reyes, Tomás |
| Término indicativo de función/relación |
ilustraciones |
| 9 (RLIN) |
85346 |
| 700 1# - PUNTO DE ACCESO ADICIONAL--NOMBRE DE PERSONA |
| Nombre de persona |
Torres Ruiz, Osvaldo |
| Término indicativo de función/relación |
ilustraciones |
| 9 (RLIN) |
74843 |
| 910 ## - DATOS DE OPCIÓN DEL USUARIO (OCLC) |
| Datos de opción del usuario |
YLockward |
| 942 ## - ELEMENTOS DE PUNTO DE ACCESO ADICIONAL (KOHA) |
| Fuente del sistema de clasificación o colocación |
Dewey Decimal Classification |
| Tipo de ítem Koha |
Libro |